[Event "AUTO-INT-1212"]
[Site "http://www.queenalice.com/game.php?id=651023"]
[Date "2009.9.12"]
[Round "2"]
[White "MDurgante"]
[Black "dladuke7"]
[Result "1/2-1/2"]
[WhiteElo "1747"]
[BlackElo "1707"]

1. e4 e5 2. d4 d6 3. Nf3 Bg4 4. Nc3 Nc6 5. Be2 Nxd4 6. Nxd4 exd4 7. Qxd4 Bxe2 8.
Nxe2 Be7 9. e5 dxe5 10. Qxe5 Nf6 11. Bf4 O-O 12. O-O Bd6 13. Qf5 Bxf4 14. Nxf4
Qd7 15. Qxd7 Nxd7 16. Nd5 c6 17. Ne7+ Kh8 18. Rad1 Nc5 19. Rfe1 Rad8 20. g3 Rxd1
21. Rxd1 Re8 22. Re1 Ne6 23. Nf5 b5 24. Nd6 Re7 25. Nxf7+ Rxf7 26. Rxe6 c5 27.
b3 g6 28. Rc6 Rf5 29. g4 Rg5 30. f3 Rd5 31. Rc8+ Kg7 32. Rc7+ Kh6 33. Rxa7 Rd1+
34. Kg2 Rd2+ 35. Kg3 Rxc2 36. a4 bxa4 37. Rxa4 Rb2 38. Rc4 Rxb3 39. Rxc5 g5 40.
Rc1 Kg6 41. Rh1 h5 42. Re1 h4+ 43. Kg2 Rb2+ 44. Kg1 h3 45. Rf1 Rg2+ 46. Kh1 Kf6
47. Re1 Rf2 48. Kg1 Rxf3 49. Re8 Rf4 50. Rf8+ Ke5 51. Rxf4 gxf4 52. Kf2 Ke4 53.
Kf1 f3 54. Ke1 Kf4 55. Kd2 Kg5 56. Ke3 Kxg4 57. Kf2 Kf4 58. Ke1 Ke3 59. Kf1 f2
1/2-1/2

[Event "1º TORNEIO"]
[Site "http://www.queenalice.com/game.php?id=658170"]
[Date "2009.9.26"]
[Round "-"]
[White "MDurgante"]
[Black "fkr"]
[Result "1-0"]
[WhiteElo "1702"]
[BlackElo "1787"]

1. d3 e5 2. Nf3 Nc6 3. d4 e4 4. Ne5 Nxe5 5. dxe5 d5 6. e3 f6 7. Nc3 c6 8. f3 f5
9. f4 Bb4 10. Bd2 d4 11. Nxe4 Bxd2+ 12. Nxd2 dxe3 13. Nf3 Qxd1+ 14. Rxd1 Be6 15.
b3 Bd5 16. c4 Bxf3 17. gxf3 Ne7 18. e6 O-O 19. Rd7 Ng6 20. Rg1 b6 21. Bd3 Nxf4
22. Rgxg7+ Kh8 23. Rxh7+ Kg8 24. Rdg7# 1-0

[Event "1º TORNEIO"]
[Site "http://www.queenalice.com/game.php?id=658174"]
[Date "2009.9.26"]
[Round "-"]
[White "MDurgante"]
[Black "gremista1971"]
[Result "0-1"]
[WhiteElo "1721"]
[BlackElo "1790"]

1. d3 e5 2. Nf3 Nc6 3. d4 e4 4. Ng5 Nf6 5. e3 h6 6. Nh3 d5 7. c4 Be6 8. Qa4 dxc4
9. Bxc4 a6 10. Bxe6 fxe6 11. O-O b5 12. Qb3 Qd6 13. Nf4 Ng4 14. f3 exf3 15. gxf3
Nxd4 16. Qd3 Ne5 17. Qe4 Ndxf3+ 18. Kg2 Rd8 19. Nd2 Ng5 20. Qc2 Ng4 21. Re1 Qb6
22. h3 Nxe3+ 23. Kg1 Nxc2+ 24. Kf1 Nxe1 25. Kxe1 Qg1+ 26. Nf1 Nf3+ 27. Ke2 Nd4+
0-1

[Event "1º TORNEIO"]
[Site "http://www.queenalice.com/game.php?id=658176"]
[Date "2009.9.26"]
[Round "-"]
[White "MDurgante"]
[Black "Larbac"]
[Result "0-1"]
[WhiteElo "1711"]
[BlackElo "2016"]

1. d3 Nc6 2. e3 e5 3. d4 d5 4. Nc3 e4 5. Be2 a6 6. Na4 Bd6 7. f3 Qh4+ 8. g3
Bxg3+ 9. Kd2 b5 10. Nc3 Nxd4 11. Nxd5 Nf5 12. Nf4 Nxe3 13. Kxe3 Bb7 14. Ngh3
exf3 15. Bxf3 Qe7+ 16. Kd3 Rd8+ 17. Kc3 Qc5+ 0-1

[Event "1º TORNEIO"]
[Site "http://www.queenalice.com/game.php?id=658177"]
[Date "2009.9.26"]
[Round "-"]
[White "fkr"]
[Black "MDurgante"]
[Result "0-1"]
[WhiteElo "1766"]
[BlackElo "1710"]

1. e4 e5 2. Nf3 d6 3. Bc4 Nf6 4. d3 c5 5. O-O Nc6 6. Ng5 d5 7. exd5 Nxd5 8. Nc3
Be6 9. Nxe6 fxe6 10. Qf3 Ncb4 11. Nxd5 exd5 12. Bb5+ Nc6 13. Qh5+ g6 14. Qxe5+
Kf7 15. Qxh8 Nd4 16. Qxh7+ Bg7 17. Bh6 Nf5 18. Bxg7 Nxg7 19. Qh3 a6 20. Qd7+
Qxd7 21. Bxd7 Rd8 22. Bh3 b5 23. Rfe1 d4 24. Re2 c4 25. dxc4 bxc4 26. Rae1 Kf8
27. Re4 c3 28. bxc3 dxc3 29. Rf4+ Kg8 30. Be6+ Nxe6 31. Rxe6 Rd1+ 32. Re1 Rxe1#
0-1

[Event "1º TORNEIO"]
[Site "http://www.queenalice.com/game.php?id=658183"]
[Date "2009.9.26"]
[Round "-"]
[White "Larbac"]
[Black "MDurgante"]
[Result "1-0"]
[WhiteElo "2000"]
[BlackElo "1706"]

1. e4 e5 2. Nf3 Nc6 3. Bc4 Nh6 4. d3 Bc5 5. c3 Ng4 6. d4 Bb6 7. Ng5 Nh6 8. O-O
O-O 9. d5 Ne7 10. Kh1 f6 11. d6+ Nf7 12. Nxf7 Rxf7 13. Qh5 Ng6 14. Bxf7+ Kxf7
15. f4 Kg8 16. f5 Nf4 17. Bxf4 exf4 18. Rxf4 cxd6 19. Rh4 h6 20. Qg6 Be3 21. Na3
Bg5 22. Rg4 Qe7 23. Rd1 a5 24. h4 Be3 25. Nc4 h5 26. Qxh5 Bh6 27. Qxh6 Kf8 28.
Qh8+ 1-0

[Event "1º TORNEIO"]
[Site "http://www.queenalice.com/game.php?id=658192"]
[Date "2009.9.26"]
[Round "-"]
[White "gremista1971"]
[Black "MDurgante"]
[Result "0-1"]
[WhiteElo "1803"]
[BlackElo "1728"]

1. e4 e5 2. Nf3 Nc6 3. Bc4 h6 4. Nc3 Nf6 5. d3 Bc5 6. h3 Na5 7. Nxe5 O-O 8. g4
Nxc4 9. Nxc4 d5 10. Ne3 d4 11. Ncd5 dxe3 12. Bxe3 Bxe3 13. fxe3 Nxd5 14. exd5
Qxd5 15. e4 Re8 16. Qf3 Qe5 17. O-O-O a5 18. Rhf1 Be6 19. Kb1 a4 20. d4 Qf6 21.
Qg3 Qg6 22. d5 Bd7 23. Qxc7 Bc8 24. Rde1 b5 25. Rf4 h5 26. gxh5 Qxh5 27. h4 f6
28. d6 Qf7 29. Qc6 Ra6 30. Qxb5 Qd7 31. Qc4+ Kh8 32. Rd1 Rxd6 33. Rxd6 Qxd6 34.
a3 Qxf4 35. Qxa4 Qxe4 36. Qb5 Re5 37. Qb8 Re8 38. Qg3 Qe1+ 39. Qxe1 Rxe1+ 40.
Ka2 Rh1 41. c4 Rxh4 42. c5 Be6+ 43. Kb1 g5 44. b4 Bd7 45. Kc2 Rf4 46. Kd3 f5 47.
Ke3 Re4+ 48. Kf3 g4+ 49. Kf2 f4 50. Kg2 Re3 51. Kf2 g3+ 52. Kg2 Rxa3 53. Kg1 Bh3
54. Kh1 Ra1# 0-1

[Event "Revanche"]
[Site "http://www.queenalice.com/game.php?id=661861"]
[Date "2009.10.3"]
[Round "-"]
[White "vivi_jamile"]
[Black "MDurgante"]
[Result "0-1"]
[WhiteElo "974"]
[BlackElo "1738"]

1. e4 e5 2. Nf3 d6 3. Bb5+ c6 4. Bc4 Nf6 5. O-O Nxe4 6. d3 Nc5 7. Bg5 Be7 8. Nc3
O-O 9. a4 d5 10. Bxd5 cxd5 11. Nxd5 Bxg5 12. b4 Ne6 13. h4 Bxh4 14. Nxh4 Qxh4
15. Nc7 Nxc7 16. Qe2 Re8 17. g3 Qh3 18. f3 Nc6 19. b5 Nd4 20. Qg2 Nd5 21. Qxh3
Bxh3 22. Rf2 Rac8 23. Rh2 Nxf3+ 24. Kf2 Bg4 25. Rg2 Rxc2+ 26. Kf1 Nb4 27. Rxc2
Nxc2 28. Rc1 Ncd4 29. Rc7 Rb8 30. a5 Nxb5 31. Kf2 Nxc7 32. d4 exd4 33. Kg2 Re8
34. Kf1 d3 35. Kg2 d2 36. Kf1 d1=Q+ 37. Kf2 Qe2# 0-1

[Event "1º TORNEIO"]
[Site "http://www.queenalice.com/game.php?id=673607"]
[Date "2009.10.28"]
[Round "-"]
[White "gremista1971"]
[Black "MDurgante"]
[Result "0-1"]
[WhiteElo "1805"]
[BlackElo "1731"]

1. e4 e5 2. Nf3 Bd6 3. Bc4 Nh6 4. Nc3 O-O 5. d3 c5 6. Bg5 Qe8 7. Nd5 b6 8. h3
Ba6 9. Nd2 Bxc4 10. Nxc4 Qe6 11. Nxd6 Nc6 12. Nc7 Qxd6 13. Nxa8 Qb8 14. Nxb6
Qxb6 15. b3 f6 16. Bxh6 gxh6 17. Qg4+ Kh8 18. Qxd7 Nb8 19. Qe7 Qd8 20. Qxc5 Na6
21. Qxa7 Nb4 22. O-O-O Re8 23. c3 Re7 24. Qe3 Rc7 25. c4 Nxa2+ 26. Kd2 Nb4 27.
Ke2 Nc2 28. Qxh6 Nd4+ 29. Kf1 Nxb3 30. f4 Rg7 31. g4 Rg6 32. Qh4 exf4 33. Qf2
Qd6 34. Qb2 Nd4 35. Ra1 Nc6 36. Ra8+ Kg7 37. Qb7+ Kh6 38. Ke2 Nb4 39. Rd1 Qd4
40. Rh8 Qe3+ 41. Kf1 Qxh3+ 42. Ke2 Qxg4+ 43. Kd2 Qg2+ 44. Kc3 Qc2+ 45. Kd4 Qb2+
46. Kc5 Nxd3+ 47. Kc6 f5+ 48. Kc7 Rg7+ 49. Kc6 Qxb7+ 50. Kd6 Qd7# 0-1

[Event "1º TORNEIO"]
[Site "http://www.queenalice.com/game.php?id=673608"]
[Date "2009.10.28"]
[Round "-"]
[White "MDurgante"]
[Black "gremista1971"]
[Result "0-1"]
[WhiteElo "1752"]
[BlackElo "1809"]

1. e4 e5 2. Nf3 Nc6 3. Bc4 Nf6 4. O-O Nxe4 5. Nc3 Nxc3 6. dxc3 h6 7. Qd5 Qe7 8.
Re1 d6 9. Bf4 Be6 10. Qe4 f5 11. Qd3 e4 12. Qf1 d5 13. Ne5 Nxe5 14. Bb3 Ng6 15.
Bd2 O-O-O 16. Be3 b6 17. a4 Ne5 18. a5 Qd6 19. Qa6+ Kb8 20. Red1 Ng4 21. g3 Nxe3
22. fxe3 Bc8 23. Qb5 g5 24. Bxd5 h5 25. Bxe4 Qxd1+ 26. Rxd1 Rxd1+ 27. Kf2 fxe4
28. axb6 cxb6 29. Qe5+ Bd6 30. Qxh8 Rd2+ 31. Ke1 Rxh2 32. g4 Bg3+ 33. Kf1 h4 34.
Qh5 Ba6+ 35. Kg1 h3 36. Qe8+ Kc7 37. Qxe4 Rg2+ 38. Kh1 Bf1 39. Qh7+ Kb8 40. Qxh3
Rh2+ 41. Qxh2 Bxh2 42. Kxh2 Kc7 43. Kg1 Bb5 44. e4 Bd7 45. Kf2 Bxg4 46. Ke3 Kd6
47. b4 Be6 48. Kf3 g4+ 49. Kf4 Kc6 50. c4 a5 51. Ke5 g3 52. Kxe6 g2 53. bxa5
bxa5 54. e5 g1=Q 55. Ke7 Qc5+ 56. Ke6 Qxc4+ 57. Kf6 Qxc2 58. e6 Qh7 59. e7 Qxe7+
60. Kg6 a4 61. Kf5 a3 0-1

[Event "Do Norte ao Sul"]
[Site "http://www.queenalice.com/game.php?id=681612"]
[Date "2009.11.12"]
[Round "-"]
[White "Cleide"]
[Black "MDurgante"]
[Result "1-0"]
[WhiteElo "1314"]
[BlackElo "1735"]

1. e3 e5 2. d4 d6 3. c4 f6 4. Nf3 e4 5. Nh4 f5 6. Nc3 Qxh4 7. Be2 Nc6 8. a3 Bd7
9. O-O O-O-O 10. b4 Nf6 11. d5 Ne7 12. a4 c6 13. a5 h5 14. a6 cxd5 15. cxd5 bxa6
16. Rxa6 Kc7 17. Rxa7+ Kb6 18. Qd4# 1-0

[Event "Challenge"]
[Site "http://www.queenalice.com/game.php?id=683229"]
[Date "2009.11.14"]
[Round "-"]
[White "thedead"]
[Black "MDurgante"]
[Result "0-1"]
[WhiteElo "1086"]
[BlackElo "1707"]

1. e4 e5 2. Nf3 Nc6 3. d3 d6 4. h3 Nf6 5. c3 Be7 6. Be2 O-O 7. O-O b5 8. a3 a5
9. Nbd2 d5 10. Re1 d4 11. Nf1 Nh5 12. Nxe5 Nxe5 13. Bxh5 dxc3 14. Be2 Bc5 15.
bxc3 Bb6 16. Ne3 c5 17. Qc2 Nc6 18. Bb2 Be6 19. c4 b4 20. Bf3 Nd4 21. Bxd4 cxd4
22. Nf1 Bc5 23. axb4 Bxb4 24. Red1 Re8 25. Ng3 Rb8 26. Qc1 Qc7 27. Nh5 f6 28.
Qf4 Bd6 0-1

[Event "1º TORNEIO - FINAL"]
[Site "http://www.queenalice.com/game.php?id=693109"]
[Date "2009.12.4"]
[Round "-"]
[White "MDurgante"]
[Black "Larbac"]
[Result "0-1"]
[WhiteElo "1740"]
[BlackElo "2005"]

1. e4 e5 2. d3 Nf6 3. Bg5 Bc5 4. Nh3 O-O 5. Qf3 Nc6 6. c3 d6 7. Bxf6 gxf6 8. Be2
Be6 9. O-O Kh8 10. Kh1 Rg8 11. Rg1 Bg4 12. Qxg4 Rxg4 13. Bxg4 d5 14. b4 Bb6 15.
Bf5 Ne7 16. Nd2 c5 17. f4 c4 18. Rgd1 Qc7 19. Rf1 Be3 20. Rad1 exf4 21. d4 Rg8
22. Nf3 Nxf5 23. exf5 Rg4 24. Ne1 Qc8 25. Nf2 Rg7 26. g4 fxg3 27. Nh3 gxh2 28.
Kxh2 Qc7+ 29. Kh1 Rg3 30. Rf3 Rxf3 31. Nxf3 Qg3 32. Nfg1 Bxg1 33. Nxg1 Qh4+ 34.
Kg2 Qg4+ 35. Kf2 Qxd1 36. Ne2 Qd3 37. a4 h5 38. Nf4 Qxf5 39. Kf3 h4 40. Ke3 Kh7
0-1

[Event "1º TORNEIO - FINAL"]
[Site "http://www.queenalice.com/game.php?id=693110"]
[Date "2009.12.4"]
[Round "-"]
[White "Larbac"]
[Black "MDurgante"]
[Result "1-0"]
[WhiteElo "2045"]
[BlackElo "1709"]

1. e4 e5 2. Nf3 d6 3. d4 f6 4. Bb5+ Bd7 5. Qd3 c6 6. Ba4 Qa5+ 7. Nc3 b5 8. Bb3
Be7 9. O-O Bg4 10. Bd2 Qb6 11. d5 Bxf3 12. gxf3 Nd7 13. dxc6 Qxc6 14. Bd5 Qc8
15. Bxa8 Qxa8 16. Nd5 Qc6 17. Rfc1 Nb6 18. Nb4 Qc4 19. Qa3 Nc8 20. b3 Qe2 21.
Be3 Qxf3 22. Qa6 Qg4+ 23. Kf1 Qd7 24. c4 d5 25. Nxd5 Bd6 26. cxb5 Nge7 27. Nxe7
Kxe7 28. Rd1 Rd8 29. Bc5 Qh3+ 30. Ke1 Qc3+ 31. Ke2 Qxc5 32. Rac1 Qb6 33. Qa4 Bc5
34. Rf1 Rd4 35. Rc4 Nd6 36. Rxd4 Bxd4 37. Qb4 Kd7 38. Kf3 Nxb5 39. a4 Bc5 40.
Qxb5+ Kc7 41. Qxb6+ axb6 42. Rd1 g5 43. Kg4 Bxf2 44. Rf1 Be3 45. Rxf6 Bf4 46. h3
Kb7 47. Kf5 h5 48. Rg6 Ka6 49. Rxg5 Bxg5 50. Kxg5 Ka5 51. Kf5 Kb4 52. Kxe5 Kxb3
53. Kd4 Kxa4 54. e5 Kb5 55. Kd5 1-0

[Event "Novo desafio"]
[Site "http://www.queenalice.com/game.php?id=698502"]
[Date "2009.12.15"]
[Round "-"]
[White "vivi_jamile"]
[Black "MDurgante"]
[Result "0-1"]
[WhiteElo "964"]
[BlackElo "1705"]

1. e4 e5 2. Nf3 Nc6 3. Bc4 Nh6 4. Na3 Bxa3 5. bxa3 O-O 6. d3 d6 7. O-O Bg4 8. h3
Bxf3 9. gxf3 Qh4 10. Be3 Qxh3 11. Re1 Nd4 12. f4 Ng4 13. f3 Nxf3+ 14. Qxf3 Qxf3
15. fxe5 Nxe3 16. d4 Nxc2 17. e6 fxe6 18. Bxe6+ Kh8 19. e5 Nxe1 20. Rxe1 Qg3+
21. Kh1 Rf2 22. Rg1 Qh2# 0-1

[Event "Entre amigos"]
[Site "http://www.queenalice.com/game.php?id=733592"]
[Date "2010.2.17"]
[Round "-"]
[White "vivi_jamile"]
[Black "MDurgante"]
[Result "0-1"]
[WhiteElo "982"]
[BlackElo "1706"]

1. e4 Nf6 2. d3 e5 3. Be3 c5 4. Nc3 Bd6 5. Qf3 Qb6 6. O-O-O O-O 7. Na4 Qb4 8. b3
b5 9. Nh3 bxa4 10. Bd2 Qa3+ 11. Kb1 axb3 12. Bg5 Qxa2+ 13. Kc1 Qxc2# 0-1

[Event "ENTRE AMIGOS"]
[Site "http://www.queenalice.com/game.php?id=768863"]
[Date "2010.5.1"]
[Round "-"]
[White "vivi_jamile"]
[Black "MDurgante"]
[Result "1-0"]
[WhiteElo "970"]
[BlackElo "1708"]

1. e4 e5 2. Nf3 d6 3. Bc4 Nf6 4. O-O Nxe4 5. d3 Nc5 6. Nc3 c6 7. Bg5 f6 8. Be3
d5 9. Bb3 d4 10. Nxd4 exd4 11. Bxd4 Nbd7 12. Qe1+ Qe7 13. Ne4 b6 14. a3 Bb7 15.
Bc4 b5 16. Nxc5 O-O-O 17. Bb3 Nxc5 18. Qb4 Nxb3 19. cxb3 Qe2 20. Qc3 Bd6 21.
Rae1 Qh5 22. g3 Qh3 23. a4 c5 24. Be3 1-0